Cities with the longest BRT Systems - Statistics

General Stats
  • This quiz has been taken 12 times
  • The average score is 10 of 30
Answer Stats
Hint Answer % Correct
251 km Jakarta
78%
102 km New York
78%
75 km Beijing
67%
114 km Bogotá
67%
196 km Mexico City
67%
176 km São Paulo
67%
105 km Buenos Aires
56%
74 km Los Angeles
56%
168 km Rio de Janeiro
56%
90 km Santiago
56%
179 km Tehran
56%
71 km Quito
44%
60 km Taipei
44%
57 km Amsterdam
33%
58 km Guadalajara
33%
115 km Seoul
33%
55 km Porto Alegre
22%
82 km Ahmedabad
11%
56 km Calgary
11%
74 km Curitiba
11%
55 km Hangzhou
11%
63 km Las Vegas
11%
67 km Lille
11%
59 km Ottawa
11%
58 km Almere
0%
72 km Aspen - Glenwood Springs
0%
64 km Campinas
0%
61 km Jinan
0%
120 km Quebec City
0%
80 km Urumqi
0%
No matching quizzes found
Score Distribution
Percent of People with Each Score
Percentile by Number Answered
Your Score History
You have not taken this quiz